| 000 | 01564cam a2200289 4500 | ||
|---|---|---|---|
| 001 | ABS63697 | ||
| 008 | 000000n2001 000 0 eng u | ||
| 035 | _a(Sirsi) u111618 | ||
| 100 | _aEvans, M. | ||
| 245 | _aAccountancy and corporate property management | ||
| 260 | _c2001 | ||
| 490 |
_aJournal of Property Investment and Finance _v19(2) 2001, 211-223(13) |
||
| 520 | _aConsiders the role played by property within UK-based corporate organisations. Looks in particular at the impact, and importance, of property to the financial standing of corporations. Discusses the rules and regulations that affect accounting for property. Moves on to provide details of the new and proposed provisions from the Accounting Standards Board (ASB), which include a number of Financial Reporting Standards. Highlights the ASB's aims and the likely impact of these measures on the UK property market. Considers the proposals from the viewpoint of the property professional and the accountant. Suggests that in order to meet the new ASB standards, in future management will need to put a greater emphasis on their property portfolio. | ||
| 590 | _aABS | ||
| 650 | _aACCOUNTANCY | ||
| 650 | _aCORPORATE PROPERTY | ||
| 650 | _aUNITED KINGDOM | ||
| 650 | _aCORPORATE REAL ESTATE | ||
| 650 | _aACCOUNTING STANDARDS BOARD | ||
| 650 | _aACCOUNTANCY RULES | ||
| 650 | _aPROPERTY-COMMERCIAL PROPERTY | ||
| 650 | _aMANAGEMENT | ||
| 690 | _aMANAGEMENT-BUSINESS MANAGEMENT-FINANCIAL MANAGEMENT | ||
| 700 | _aFrench, N. | ||
| 700 | _aO'Roarty, B. | ||
| 942 | _n0 | ||
| 999 |
_c66509 _d66509 |
||